00516nam a22001577a 450000500170000001000150001702000260003203500140005803700130007208200160008510000230010124500950012426000350021927000790025430000250033320200203112951.0 aENG-127617 a9789388322560c499.00 aEN-111149 bDBAD/PUB a320.9540904 aBhatnagar, Ashwini aThe Lotus Years Political Life in India in the Time of Rajiv Gandhi/bby Ashwini Bhatnagar aGurugrambHachette Indiac2019 bGurugrama4th & 5th floor , corporate centre, plot no-94,sector-44e122003 axxiv;320p.b20cm(hb)